MARC

LEADER 00000nam0a2200000 4500
001 349635
005 20231102010224.0
035 |a (RuTPU)RU\TPU\retro\2381 
090 |a 349635 
100 |a 20180731d1949 km y0rusy50 ca 
101 0 |a rus 
102 |a RU 
105 |a a z 001zy 
200 1 |a Педагогические сочинения  |f Н. А. Добролюбов  |g под ред. И. М. Духовного 
205 |a 2-е изд., перераб. и расш. 
210 |a Москва  |c Учпедгиз  |d 1949 
215 |a 623 с.  |c ил. 
316 |5 63413507: КР-5608  |a На обложке и титульном листе владельческая подпись "Бутаков" 
317 |5 63413507: КР-5608  |a Поступила в НТБ в 1970 г. в составе книжного собрания профессора ТПИ И. Н. Бутакова 
320 |a Библиогр.: с. 577-603 
320 |a Указатель имен: с. 604-610 
320 |a Предметный указатель: с. 615-620 
600 1 |a Добролюбов  |g Николай Александрович  |b Н. А.  |c русский литературный критик  |f 1836-1861  |c публицист  |c революционный демократ  |2 stltpush  |3 (RuTPU)RU\TPU\pers\1478 
606 1 |a Педагогика общая  |2 stltpush  |3 (RuTPU)RU\TPU\subj\48422  |9 67292 
610 1 |a библиотека И. Н. Бутакова 
610 1 |a педагогическая мысль 
610 1 |a педагогическая деятельность 
610 1 |a биографические материалы 
610 1 |a философские взгляды 
610 1 |a воспитание 
610 1 |a патриотическое воспитание 
610 1 |a физическое воспитание 
610 1 |a статьи 
610 1 |a владельческая надпись 
686 |a Ч31  |v LBC/SL-A  |2 rubbk 
700 1 |a Добролюбов  |b Н. А.  |g Николай Александрович 
702 1 |a Духовный  |b И. М.  |4 340 
801 1 |a RU  |b 63413507  |c 20180731 
801 2 |a RU  |b 63413507  |c 20181227  |g RCR 
942 |c BK